[Event "Olympiad-34"]
[Site "Istanbul"]
[Date "2000.11.07"]
[Round "10.1"]
[White "Lesiege, Alexandre"]
[Black "Fernandes, Antonio ETG"]
[Result "1/2-1/2"]
[WhiteElo "2584"]
[BlackElo "2438"]
[WhiteFideId "-1"]
[WhiteFideId "-1"]
[PlyCount "120"]
[GameId "1165542847234048"]
[EventDate "2000.10.28"]
[EventType "team-swiss"]
[EventRounds "14"]
[EventCountry "TUR"]
[SourceTitle "EXT 2001"]
[Source "ChessBase"]
[SourceDate "2000.11.22"]
[SourceVersion "1"]
[SourceVersionDate "2000.11.22"]
[SourceQuality "1"]
[WhiteTeam "Canada"]
[BlackTeam "Portugal"]
[WhiteTeamCountry "CAN"]
[BlackTeamCountry "POR"]

1. d4 Nf6 2. c4 g6 3. Nc3 d5 4. cxd5 Nxd5 5. e4 Nxc3 6. bxc3 c5 7. Nf3 Bg7 8. Rb1 O-O 9. Be2 Nc6 10. d5 Bxc3+ 11. Bd2 Bxd2+ 12. Qxd2 Nd4 13. Nxd4 cxd4 14. Qxd4 Qa5+ 15. Qd2 Qxd2+ 16. Kxd2 Rd8 17. Ke3 Kf8 18. Rhc1 Ke8 19. Kd4 b6 20. Rc7 Bd7 21. Ba6 Bc8 22. Bb5+ Bd7 23. Kc4 f5 24. f3 Bxb5+ 25. Kxb5 Rd7 26. Rbc1 fxe4 27. fxe4 Kd8 28. R7c6 Rb7 29. Ka6 Rab8 30. Rf1 Ke8 31. a4 b5 32. Rc8+ Rxc8 33. Kxb7 Rc5 34. a5 b4 35. a6 Kd7 36. Kxa7 Rb5 37. e5 b3 38. Rb1 b2 39. Ka8 g5 40. g4 Rb3 41. Ka7 Kc7 42. Ka8 Rb8+ 43. Ka7 Kc8 44. d6 exd6 45. exd6 Rb5 46. Ka8 Kd7 47. a7 Rb4 48. h4 gxh4 49. g5 h3 50. g6 h2 51. gxh7 Rh4 52. Rh1 Rxh7 53. Kb8 b1=Q+ 54. Rxb1 Rh8+ 55. Kb7 h1=B+ 56. Rxh1 Rxh1 57. a8=Q Rb1+ 58. Ka7 Ra1+ 59. Kb8 Rxa8+ 60. Kxa8 Kxd6 1/2-1/2

[Event "Olympiad-34"]
[Site "Istanbul"]
[Date "2000.11.08"]
[Round "11.1"]
[White "Rogozenco, Dorian"]
[Black "Lesiege, Alexandre"]
[Result "1/2-1/2"]
[WhiteElo "2531"]
[BlackElo "2584"]
[WhiteFideId "-1"]
[WhiteFideId "-1"]
[PlyCount "54"]
[GameId "1165542847299584"]
[EventDate "2000.10.28"]
[EventType "team-swiss"]
[EventRounds "14"]
[EventCountry "TUR"]
[SourceTitle "EXT 2001"]
[Source "ChessBase"]
[SourceDate "2000.11.22"]
[SourceVersion "1"]
[SourceVersionDate "2000.11.22"]
[SourceQuality "1"]
[WhiteTeam "Romania"]
[BlackTeam "Canada"]
[WhiteTeamCountry "ROU"]
[BlackTeamCountry "CAN"]

1. d4 d5 2. c4 dxc4 3. e4 c5 4. d5 Nf6 5. Nc3 b5 6. Bf4 Ba6 7. f3 b4 8. Na4 e6 9. dxe6 Qxd1+ 10. Rxd1 fxe6 11. Nh3 Nc6 12. Bd6 Nd7 13. Bxf8 Rxf8 14. Rxd7 Kxd7 15. Nxc5+ Kc7 16. Nxa6+ Kb6 17. Bxc4 Ne5 18. Be2 Rac8 19. Nf2 Ka5 20. a3 bxa3 21. bxa3 Rfd8 22. Nb4 Rc3 23. O-O Rd2 24. f4 Rxe2 25. fxe5 Ka4 26. Nbd3 g5 27. h4 h6 1/2-1/2

[Event "Olympiad-34"]
[Site "Istanbul"]
[Date "2000.11.09"]
[Round "12.1"]
[White "Lesiege, Alexandre"]
[Black "Kulaots, Kaido"]
[Result "0-1"]
[WhiteElo "2584"]
[BlackElo "2491"]
[WhiteFideId "-1"]
[WhiteFideId "-1"]
[PlyCount "80"]
[GameId "1166643079094272"]
[EventDate "2000.10.28"]
[EventType "team-swiss"]
[EventRounds "14"]
[EventCountry "TUR"]
[SourceTitle "EXT 2001"]
[Source "ChessBase"]
[SourceDate "2000.11.22"]
[SourceVersion "1"]
[SourceVersionDate "2000.11.22"]
[SourceQuality "1"]
[WhiteTeam "Canada"]
[BlackTeam "Estonia"]
[WhiteTeamCountry "CAN"]
[BlackTeamCountry "EST"]

1. d4 d5 2. c4 e6 3. Nc3 Nf6 4. Nf3 Be7 5. Bg5 O-O 6. e3 h6 7. Bh4 b6 8. Bd3 Bb7 9. O-O Nbd7 10. Qe2 c5 11. Rfd1 Ne4 12. Bg3 Ndf6 13. Rac1 Nxg3 14. hxg3 cxd4 15. Nxd4 Bb4 16. a3 Bxc3 17. Rxc3 e5 18. Nf5 Bc8 19. Bb1 g6 20. Nh4 e4 21. cxd5 g5 22. Nf3 exf3 23. gxf3 Re8 24. e4 Qd6 25. Rc6 Qe5 26. Qd2 Bd7 27. f4 gxf4 28. gxf4 Qh5 29. Rxf6 Qg4+ 30. Kf1 Qh3+ 31. Kg1 Qg4+ 32. Kf1 Qh3+ 33. Kg1 Kh8 34. Qd4 Rg8+ 35. Rg6+ Kh7 36. e5 fxg6 37. e6 Bb5 38. Re1 Qg4+ 39. Kh2 Rgf8 40. f3 Qh4+ 0-1

[Event "Olympiad-34"]
[Site "Istanbul"]
[Date "2000.11.10"]
[Round "13.1"]
[White "Kasimdzhanov, Rustam"]
[Black "Lesiege, Alexandre"]
[Result "1-0"]
[WhiteElo "2690"]
[BlackElo "2584"]
[WhiteFideId "-1"]
[WhiteFideId "-1"]
[PlyCount "47"]
[GameId "1165542847447040"]
[EventDate "2000.10.28"]
[EventType "team-swiss"]
[EventRounds "14"]
[EventCountry "TUR"]
[SourceTitle "EXT 2001"]
[Source "ChessBase"]
[SourceDate "2000.11.22"]
[SourceVersion "1"]
[SourceVersionDate "2000.11.22"]
[SourceQuality "1"]
[WhiteTeam "Uzbekistan"]
[BlackTeam "Canada"]
[WhiteTeamCountry "UZB"]
[BlackTeamCountry "CAN"]

1. d4 d5 2. c4 c6 3. Nf3 Nf6 4. Nc3 e6 5. e3 Nbd7 6. Bd3 dxc4 7. Bxc4 b5 8. Bd3 Bb7 9. O-O b4 10. Ne4 Be7 11. Nxf6+ Nxf6 12. e4 O-O 13. e5 Nd7 14. Be4 Rb8 15. a3 bxa3 16. b4 a5 17. bxa5 Qxa5 18. Bxa3 Bxa3 19. Bxh7+ Kxh7 20. Ng5+ Kg6 21. Qd3+ f5 22. Nxe6 Ra8 23. Rfb1 Bc8 24. Rb3 1-0

[Event "Quebec-ch Class-A"]
[Site "St Jean sur Richelieu CAN"]
[Date "2000.??.??"]
[Round "4"]
[White "Lesiege, Alexandre"]
[Black "Schleifer, Michael"]
[Result "1-0"]
[WhiteElo "2584"]
[BlackElo "2364"]
[WhiteFideId "-1"]
[WhiteFideId "-1"]
[PlyCount "65"]
[GameId "2160767739837761"]
[EventDate "2000.10.06"]
[EventType "swiss"]
[EventRounds "5"]
[EventCountry "CAN"]
[SourceTitle "EXT 2002"]
[Source "ChessBase"]
[SourceDate "2001.11.25"]
[SourceVersion "1"]
[SourceVersionDate "2001.11.25"]
[SourceQuality "1"]

1. e4 b6 2. d4 Bb7 3. Bd3 e6 4. Nf3 Nf6 5. Qe2 d6 6. O-O Be7 7. Nc3 a6 8. Re1 O-O 9. e5 Nfd7 10. Ne4 h6 11. Bf4 dxe5 12. Nxe5 Nf6 13. Rad1 Nbd7 14. c4 Bb4 15. Nxd7 Nxd7 16. Bxh6 Qh4 17. Bg5 Qh8 18. Rf1 Rae8 19. a3 Bd6 20. Nxd6 cxd6 21. Rfe1 g6 22. Bc2 e5 23. Ba4 Bc8 24. Qd2 exd4 25. Be7 Rxe7 26. Rxe7 Nc5 27. Bc6 Qf6 28. Ree1 d3 29. b4 Nd7 30. Bxd7 Bxd7 31. Qxd3 Be6 32. Qxd6 Rc8 33. Qxb6 {Temps} 1-0

[Event "Quebec-ch classe"]
[Site "St-Jean CAN"]
[Date "2000.10.06"]
[Round "1"]
[White "Leutschaft, Martin"]
[Black "Lesiege, Alexandre"]
[Result "0-1"]
[WhiteElo "2157"]
[BlackElo "2621"]
[WhiteFideId "-1"]
[WhiteFideId "-1"]
[PlyCount "94"]
[GameId "2160767911644135"]
[EventDate "2000.10.06"]
[EventType "swiss"]
[EventRounds "5"]
[EventCountry "CAN"]

1. e4 c5 2. Nf3 d6 3. Bb5+ Bd7 4. Bxd7+ Qxd7 5. c4 Nc6 6. Nc3 g6 7. d4 Bg7 8. Be3 cxd4 9. Nxd4 Nf6 10. f3 O-O 11. O-O Rac8 12. b3 e6 13. Qd2 d5 14. exd5 exd5 15. c5 Rfe8 16. Bf2 a6 17. Na4 Rcd8 18. Nxc6 bxc6 19. Bd4 Ne4 20. Qb2 Bxd4+ 21. Qxd4 Ng5 22. Qf6 Ne6 23. b4 Qc7 24. g3 Ng7 25. Rae1 Nf5 26. Kf2 a5 27. a3 axb4 28. axb4 h5 29. Nb2 h4 30. f4 Re4 31. Nd3 Rde8 32. Ne5 Re6 33. Qg5 Rxb4 34. Ng4 Qe7 35. Rxe6 Qxe6 36. Re1 Re4 37. Nf6+ Kg7 38. Nxe4 dxe4 39. g4 e3+ 40. Kg1 Nd4 41. Qe5+ Qxe5 42. fxe5 Nf3+ 43. Kf1 Nxe1 44. Kxe1 Kh6 45. Ke2 Kg5 46. Kxe3 Kxg4 47. Ke4 Kh3 0-1

[Event "Quebec-ch classe"]
[Site "St-Jean CAN"]
[Date "2000.10.07"]
[Round "2"]
[White "Lesiege, Alexandre"]
[Black "Hua, Lefong"]
[Result "1-0"]
[WhiteElo "2609"]
[BlackElo "2317"]
[WhiteFideId "-1"]
[WhiteFideId "-1"]
[PlyCount "61"]
[GameId "2160767911644143"]
[EventDate "2000.10.06"]
[EventType "swiss"]
[EventRounds "5"]
[EventCountry "CAN"]

1. d4 Nf6 2. c4 g6 3. Nc3 Bg7 4. e4 d6 5. Nf3 O-O 6. Be2 Na6 7. O-O e5 8. Be3 exd4 9. Nxd4 Re8 10. f3 c6 11. Qd2 Nc7 12. Rad1 Qe7 13. Bg5 Qf8 14. Kh1 h6 15. Bh4 g5 16. Bf2 Nh5 17. g3 g4 18. fxg4 Nf6 19. Nf5 Bxf5 20. exf5 d5 21. Qf4 Rac8 22. Bf3 Qb4 23. Bd4 Red8 24. g5 hxg5 25. Qxg5 Nce8 26. Rfe1 dxc4 27. Rxe8+ Nxe8 28. Bxg7 Rxd1+ 29. Bxd1 Nxg7 30. f6 Qf8 31. Bc2 1-0

[Event "Quebec-ch classe"]
[Site "St-Jean CAN"]
[Date "2000.10.08"]
[Round "5"]
[White "Lesiege, Alexandre"]
[Black "Duong, Thanh Nha"]
[Result "1-0"]
[WhiteElo "2609"]
[BlackElo "2383"]
[WhiteFideId "-1"]
[WhiteFideId "-1"]
[PlyCount "115"]
[GameId "2160767911644158"]
[EventDate "2000.10.06"]
[EventType "swiss"]
[EventRounds "5"]
[EventCountry "CAN"]

1. d4 Nf6 2. c4 e6 3. Nc3 Bb4 4. e3 O-O 5. Bd3 d5 6. Nf3 c5 7. O-O Nc6 8. a3 cxd4 9. exd4 Bxc3 10. bxc3 dxc4 11. Bxc4 Qc7 12. Bd3 b6 13. Re1 Bb7 14. Bg5 Ne7 15. Ne5 Ng6 16. Re3 Nd7 17. Qh5 Rfc8 18. Nxf7 Kxf7 19. Qxh7 Ngf8 20. Qh5+ Kg8 21. Rae1 Re8 22. Rh3 e5 23. Ree3 e4 24. Be2 Re6 25. Bg4 Rg6 26. Bf5 Qd6 27. Bxe4 Bxe4 28. Rxe4 Nf6 29. Bxf6 Rxf6 30. Rg4 g6 31. Qh8+ Kf7 32. Re4 Rd8 33. c4 Re6 34. Rf3+ Rf6 35. Rfe3 a5 36. d5 a4 37. g3 Rf5 38. h4 Qf6 39. Re7+ Qxe7 40. Rxe7+ Kxe7 41. Qg7+ Rf7 42. Qe5+ Kd7 43. h5 Re8 44. Qd4 gxh5 45. Kf1 Ng6 46. Qxb6 Ne5 47. c5 Kc8 48. f4 h4 49. Kg2 Nd7 50. Qa6+ Kd8 51. c6 Nb8 52. Qb6+ Kc8 53. d6 Nxc6 54. Qxc6+ Kd8 55. Qa8+ Kd7 56. Qxa4+ Kd8 57. f5 h3+ 58. Kh2 1-0

[Event "Montreal int."]
[Site "Montreal CAN"]
[Date "2000.08.03"]
[Round "1"]
[White "Charbonneau, Pascal"]
[Black "Lesiege, Alexandre"]
[Result "0-1"]
[WhiteElo "2326"]
[BlackElo "2584"]
[WhiteFideId "-1"]
[WhiteFideId "-1"]
[PlyCount "54"]
[GameId "2160767911652857"]
[EventDate "2000.08.03"]
[EventType "tourn"]
[EventRounds "11"]
[EventCountry "CAN"]
[EventCategory "9"]
[SourceTitle "CBM 079"]
[Source "ChessBase"]
[SourceDate "2000.11.21"]
[SourceVersion "1"]
[SourceVersionDate "2000.11.21"]
[SourceQuality "1"]

1. e4 c5 2. c3 Nf6 3. e5 Nd5 4. Nf3 Nc6 5. d4 cxd4 6. cxd4 d6 7. Bc4 Nb6 8. Bb3 dxe5 9. d5 Na5 10. Nc3 Nxb3 11. Qxb3 e6 12. Nxe5 exd5 13. Be3 Bd6 14. Qb5+ Kf8 15. O-O-O Be6 16. Nf3 Rc8 17. Kb1 h6 18. Rhe1 Kg8 19. Nd4 Nc4 20. Nxe6 fxe6 21. Bxa7 Be5 22. Bd4 Bxd4 23. Rxd4 Qf6 24. Qd7 Kh7 25. Rg4 Nd2+ 26. Kc2 Ne4 27. Kb1 Nc5 0-1

[Event "Montreal int."]
[Site "Montreal CAN"]
[Date "2000.08.04"]
[Round "2"]
[White "Lesiege, Alexandre"]
[Black "Duong, Thanh Nha"]
[Result "1/2-1/2"]
[WhiteElo "2584"]
[BlackElo "2380"]
[WhiteFideId "-1"]
[WhiteFideId "-1"]
[PlyCount "22"]
[GameId "2160767911652865"]
[EventDate "2000.08.03"]
[EventType "tourn"]
[EventRounds "11"]
[EventCountry "CAN"]
[EventCategory "9"]
[SourceTitle "CBM 079"]
[Source "ChessBase"]
[SourceDate "2000.11.21"]
[SourceVersion "1"]
[SourceVersionDate "2000.11.21"]
[SourceQuality "1"]

1. Nf3 Nf6 2. c4 e6 3. Nc3 Bb4 4. g4 h6 5. Rg1 b6 6. h4 g6 7. g5 hxg5 8. hxg5 Nh5 9. d3 Bb7 10. Bg2 Bxc3+ 11. bxc3 c5 1/2-1/2

[Event "Montreal int."]
[Site "Montreal CAN"]
[Date "2000.08.05"]
[Round "3"]
[White "Kogan, Artur"]
[Black "Lesiege, Alexandre"]
[Result "0-1"]
[WhiteElo "2504"]
[BlackElo "2584"]
[WhiteFideId "-1"]
[WhiteFideId "-1"]
[PlyCount "164"]
[GameId "2160767911652872"]
[EventDate "2000.08.03"]
[EventType "tourn"]
[EventRounds "11"]
[EventCountry "CAN"]
[EventCategory "9"]
[SourceTitle "CBM 079"]
[Source "ChessBase"]
[SourceDate "2000.11.21"]
[SourceVersion "1"]
[SourceVersionDate "2000.11.21"]
[SourceQuality "1"]

1. e4 c5 2. Nc3 d6 3. f4 e6 4. Nf3 Nf6 5. d3 Be7 6. Be2 Nc6 7. O-O O-O 8. Qe1 d5 9. Qg3 Rb8 10. Ne5 Nd4 11. f5 Nxe2+ 12. Nxe2 Bd6 13. Bg5 exf5 14. exf5 Nh5 15. Bxd8 Nxg3 16. Nxg3 Rxd8 17. Rae1 f6 18. Ng4 Bd7 19. Nh5 Kf7 20. Ne3 Bc6 21. Nf4 Be5 22. Ne6 Bxb2 23. Nxd8+ Rxd8 24. Re2 Re8 25. Kf2 Bd4 26. Rfe1 h5 27. h3 h4 28. Kf1 Re5 29. g4 hxg3 30. Ng4 Rxf5+ 31. Kg2 Rg5 32. Kxg3 Be5+ 33. Kf2 Bd6 34. c3 Rf5+ 35. Kg1 Rh5 36. Re6 Bf4 37. Re7+ Kg6 38. Nf2 Bg3 39. R1e3 Bf4 40. Rf3 Be5 41. d4 cxd4 42. cxd4 Rg5+ 43. Kf1 Bxd4 44. Nd3 Bb5 45. Ke1 Bxd3 46. Rxd3 Re5+ 47. Rxe5 fxe5 48. Rf3 b6 49. Ke2 e4 50. Rf1 Bc5 51. Rd1 d4 52. Rg1+ Kf6 53. Rg4 d3+ 54. Kd2 Ke5 55. Rxg7 Kd4 56. Rg4 Bb4+ 57. Kd1 Ke5 58. h4 Bc3 59. Rg5+ Kf4 60. Rd5 Kf3 61. Kc1 Kf2 62. h5 e3 63. Rxd3 Bb4 64. Rd5 e2 65. Rf5+ Ke3 66. Re5+ Kd3 67. h6 e1=Q+ 68. Rxe1 Bxe1 69. Kb2 Kc4 70. h7 Bc3+ 71. Kc2 b5 72. Kc1 a5 73. Kb1 Bf6 74. Kc2 Bh8 75. Kc1 Kc3 76. Kb1 b4 77. Kc1 a4 78. Kb1 Bf6 79. Kc1 Bg7 80. Kb1 a3 81. Kc1 b3 82. Kb1 Bh8 0-1

[Event "Montreal int."]
[Site "Montreal CAN"]
[Date "2000.08.06"]
[Round "4"]
[White "Lesiege, Alexandre"]
[Black "Smagin, Sergey"]
[Result "1/2-1/2"]
[WhiteElo "2584"]
[BlackElo "2605"]
[WhiteFideId "-1"]
[WhiteFideId "-1"]
[PlyCount "85"]
[GameId "2160767911652878"]
[EventDate "2000.08.03"]
[EventType "tourn"]
[EventRounds "11"]
[EventCountry "CAN"]
[EventCategory "9"]
[SourceTitle "CBM 079"]
[Source "ChessBase"]
[SourceDate "2000.11.21"]
[SourceVersion "1"]
[SourceVersionDate "2000.11.21"]
[SourceQuality "1"]

1. d4 Nf6 2. c4 e6 3. Nc3 d5 4. Bg5 Nbd7 5. e3 c6 6. Nf3 Qa5 7. Nd2 Bb4 8. Qc2 O-O 9. Be2 c5 10. O-O cxd4 11. Nb3 Qb6 12. Bxf6 Nxf6 13. c5 d3 14. Bxd3 Qd8 15. Nb5 Bd7 16. a3 Bxb5 17. axb4 Bxd3 18. Qxd3 Qc7 19. b5 Ng4 20. f4 Qe7 21. Ra4 b6 22. c6 Rac8 23. e4 dxe4 24. Rxe4 Rfd8 25. Rd4 Rxd4 26. Nxd4 Rd8 27. Rc1 Qc7 28. Qe4 Nf6 29. Qe5 Qxe5 30. fxe5 Ne8 31. Rc4 Nc7 32. Ra4 Ra8 33. Rb4 f6 34. Ne2 fxe5 35. Nc3 a5 36. Re4 Kf7 37. Rxe5 a4 38. Re4 a3 39. bxa3 Rxa3 40. Rd4 Rxc3 41. Rd7+ Kg6 42. Rxc7 Rc5 43. Re7 1/2-1/2

[Event "Montreal int."]
[Site "Montreal CAN"]
[Date "2000.08.07"]
[Round "5"]
[White "Rozentalis, Eduardas"]
[Black "Lesiege, Alexandre"]
[Result "1-0"]
[WhiteElo "2570"]
[BlackElo "2584"]
[WhiteFideId "-1"]
[WhiteFideId "-1"]
[PlyCount "59"]
[GameId "2160767911652884"]
[EventDate "2000.08.03"]
[EventType "tourn"]
[EventRounds "11"]
[EventCountry "CAN"]
[EventCategory "9"]
[SourceTitle "CBM 079"]
[Source "ChessBase"]
[SourceDate "2000.11.21"]
[SourceVersion "1"]
[SourceVersionDate "2000.11.21"]
[SourceQuality "1"]

1. e4 c5 2. c3 Nf6 3. e5 Nd5 4. Nf3 Nc6 5. d4 cxd4 6. Bc4 Nb6 7. Bb3 d5 8. exd6 Qxd6 9. O-O Be6 10. Na3 dxc3 11. Qe2 Bxb3 12. Nb5 Qb8 13. axb3 e5 14. Nbd4 f6 15. bxc3 Kf7 16. Nxc6 bxc6 17. Qe4 Qd6 18. Ra5 Nd7 19. Re1 Be7 20. Ba3 c5 21. b4 cxb4 22. Bxb4 Qb6 23. Qf5 Rad8 24. Raxe5 Bxb4 25. Ng5+ Kg8 26. Re6 g6 27. Qd5 Ne5 28. Rd6+ Kg7 29. Ne6+ Kh6 30. Qe4 1-0

[Event "Montreal int."]
[Site "Montreal CAN"]
[Date "2000.08.09"]
[Round "6"]
[White "Miladinovic, Igor"]
[Black "Lesiege, Alexandre"]
[Result "1/2-1/2"]
[WhiteElo "2563"]
[BlackElo "2584"]
[WhiteFideId "-1"]
[WhiteFideId "-1"]
[PlyCount "55"]
[GameId "2160767911652890"]
[EventDate "2000.08.03"]
[EventType "tourn"]
[EventRounds "11"]
[EventCountry "CAN"]
[EventCategory "9"]
[SourceTitle "CBM 079"]
[Source "ChessBase"]
[SourceDate "2000.11.21"]
[SourceVersion "1"]
[SourceVersionDate "2000.11.21"]
[SourceQuality "1"]

1. d4 d5 2. c4 dxc4 3. e3 Nf6 4. Bxc4 e6 5. Nc3 a6 6. Qf3 Nbd7 7. Nge2 c5 8. O-O Qc7 9. Bd3 Bd6 10. Ng3 O-O 11. b3 cxd4 12. exd4 b5 13. Nce4 Bb7 14. Bg5 Nxe4 15. Bxe4 Bxe4 16. Qxe4 Nb6 17. Rac1 Qd7 18. Qc6 Bxg3 19. Qxb6 Qd6 20. Qxd6 Bxd6 21. Rc6 Ba3 22. Bc1 Bxc1 23. Rfxc1 Rfd8 24. g3 Kf8 25. Rb6 Rxd4 26. Rc7 Rd5 27. Rbb7 Rf5 28. Ra7 1/2-1/2

[Event "Montreal int."]
[Site "Montreal CAN"]
[Date "2000.08.10"]
[Round "7"]
[White "Lesiege, Alexandre"]
[Black "Hebert, Jean"]
[Result "1/2-1/2"]
[WhiteElo "2584"]
[BlackElo "2428"]
[WhiteFideId "-1"]
[WhiteFideId "-1"]
[PlyCount "48"]
[GameId "2160767911652896"]
[EventDate "2000.08.03"]
[EventType "tourn"]
[EventRounds "11"]
[EventCountry "CAN"]
[EventCategory "9"]
[SourceTitle "CBM 079"]
[Source "ChessBase"]
[SourceDate "2000.11.21"]
[SourceVersion "1"]
[SourceVersionDate "2000.11.21"]
[SourceQuality "1"]

1. d4 d6 2. c4 e5 3. Nf3 e4 4. Ng5 f5 5. Nc3 Nf6 6. g3 c6 7. f3 h6 8. Nh3 exf3 9. exf3 g5 10. Bd3 Bg7 11. Qc2 O-O 12. Ne2 Na6 13. Bd2 Ne4 14. Nf2 Nxd2 15. Qxd2 c5 16. O-O-O Nb4 17. Bb1 Nc6 18. dxc5 Be6 19. Qc2 Qa5 20. Rxd6 Qxc5 21. Rxe6 Qxf2 22. Rd1 Ne5 23. Nd4 Qe3+ 24. Qd2 Qxd2+ 1/2-1/2

[Event "Montreal int."]
[Site "Montreal CAN"]
[Date "2000.08.11"]
[Round "8"]
[White "Tyomkin, Dimitri"]
[Black "Lesiege, Alexandre"]
[Result "1/2-1/2"]
[WhiteElo "2522"]
[BlackElo "2584"]
[WhiteFideId "-1"]
[WhiteFideId "-1"]
[PlyCount "32"]
[GameId "2160767911652904"]
[EventDate "2000.08.03"]
[EventType "tourn"]
[EventRounds "11"]
[EventCountry "CAN"]
[EventCategory "9"]
[SourceTitle "CBM 079"]
[Source "ChessBase"]
[SourceDate "2000.11.21"]
[SourceVersion "1"]
[SourceVersionDate "2000.11.21"]
[SourceQuality "1"]

1. d4 d5 2. c4 dxc4 3. Nf3 Nf6 4. Nc3 a6 5. e4 b5 6. e5 Nd5 7. a4 e6 8. axb5 Nb6 9. Be2 Bb7 10. bxa6 Rxa6 11. Rxa6 Nxa6 12. O-O Be7 13. Nd2 Qxd4 14. Nxc4 Qxd1 15. Rxd1 Nxc4 16. Bxc4 O-O 1/2-1/2

[Event "Montreal int."]
[Site "Montreal CAN"]
[Date "2000.08.12"]
[Round "9"]
[White "Lesiege, Alexandre"]
[Black "Lazarev, Vladimir"]
[Result "1/2-1/2"]
[WhiteElo "2584"]
[BlackElo "2478"]
[WhiteFideId "-1"]
[WhiteFideId "-1"]
[PlyCount "100"]
[GameId "2160767911652908"]
[EventDate "2000.08.03"]
[EventType "tourn"]
[EventRounds "11"]
[EventCountry "CAN"]
[EventCategory "9"]
[SourceTitle "CBM 079"]
[Source "ChessBase"]
[SourceDate "2000.11.21"]
[SourceVersion "1"]
[SourceVersionDate "2000.11.21"]
[SourceQuality "1"]

1. d4 d5 2. c4 dxc4 3. e3 Nf6 4. Bxc4 e6 5. Nf3 c5 6. Qe2 a6 7. dxc5 Bxc5 8. O-O b5 9. Bd3 Nc6 10. Rd1 Qc7 11. a4 bxa4 12. Nc3 Nb4 13. Bb1 Bb7 14. Nxa4 Bd6 15. e4 O-O 16. Qe1 e5 17. Bg5 Rfd8 18. Rc1 Bc6 19. h3 a5 20. Bxf6 gxf6 21. Qe3 Bf8 22. Nb6 Ra6 23. Nd5 Nxd5 24. exd5 Rxd5 25. Ra4 Qd7 26. Rg4+ Kh8 27. Nh4 Rd1+ 28. Rxd1 Qxd1+ 29. Kh2 Ra8 30. Qg3 Bh6 31. Nf5 Qd2 32. Nxh6 Qxh6 33. Rh4 Qg5 34. Rxh7+ Kg8 35. Qxg5+ fxg5 36. Rh6 Bd5 37. Rd6 Be6 38. Be4 Rb8 39. Ra6 Rxb2 40. Rxa5 Rxf2 41. Rxe5 g4 42. hxg4 Rf4 43. Bf3 Kg7 44. Kg3 Rb4 45. g5 Ra4 46. Be4 Rb4 47. Kf3 Rb3+ 48. Kf4 Rb4 49. Rc5 Ra4 50. Ke5 Rb4 1/2-1/2

[Event "Montreal int."]
[Site "Montreal CAN"]
[Date "2000.08.13"]
[Round "10"]
[White "Goldenberg, Danny"]
[Black "Lesiege, Alexandre"]
[Result "0-1"]
[WhiteElo "2310"]
[BlackElo "2584"]
[WhiteFideId "-1"]
[WhiteFideId "-1"]
[PlyCount "178"]
[GameId "2160767911652913"]
[EventDate "2000.08.03"]
[EventType "tourn"]
[EventRounds "11"]
[EventCountry "CAN"]
[EventCategory "9"]
[SourceTitle "CBM 079"]
[Source "ChessBase"]
[SourceDate "2000.11.21"]
[SourceVersion "1"]
[SourceVersionDate "2000.11.21"]
[SourceQuality "1"]

1. e4 c5 2. Nf3 d6 3. Bb5+ Bd7 4. Bxd7+ Qxd7 5. O-O Nc6 6. Re1 Nf6 7. h3 e6 8. c4 Be7 9. d4 cxd4 10. Nxd4 O-O 11. Nc3 a6 12. a4 Qc7 13. Be3 Nxd4 14. Qxd4 Nd7 15. Rec1 Rac8 16. b3 Nc5 17. Qd1 Bf6 18. f3 Be5 19. Rab1 Rfe8 20. b4 Nd7 21. a5 Qb8 22. Na4 Red8 23. f4 Bf6 24. Qf3 Re8 25. Qf2 Bd8 26. b5 axb5 27. Rxb5 Qa8 28. Ba7 Rc6 29. Qd4 e5 30. fxe5 Nxe5 31. Bb6 Bg5 32. Rc2 Qa6 33. Qd5 Rec8 34. Nb2 Bf6 35. Be3 Qa8 36. Rc1 h6 37. Kh1 R8c7 38. Bb6 Rc8 39. Bd4 Qa6 40. Be3 Bg5 41. Bxg5 hxg5 42. Rd1 Qa7 43. Qd4 Qa6 44. Qd5 g4 45. hxg4 Nxg4 46. Rf1 Nf6 47. Qg5 Rc5 48. e5 dxe5 49. Rb6 e4 50. Rf5 Qxa5 51. Rbxf6 Rxf5 52. Rxf5 Qa1+ 53. Kh2 Qxb2 54. Qe7 Rf8 55. Qxe4 Qb6 56. Rb5 Qh6+ 57. Kg3 b6 58. Qd4 Ra8 59. Rxb6 Ra3+ 60. Kf2 Ra2+ 61. Kg1 Qc1+ 62. Kh2 Qg5 63. Rb8+ Kh7 64. Qe4+ f5 65. Qf3 Qh6+ 66. Qh3 Rc2 67. Rc8 Qxh3+ 68. Kxh3 Kh6 69. Kg3 Kg5 70. c5 Rc3+ 71. Kf2 Kg4 72. c6 g5 73. c7 f4 74. Kf1 Rc2 75. Kg1 Rc1+ 76. Kf2 Rc5 77. g3 Rc2+ 78. Kf1 Kxg3 79. Rg8 Rxc7 80. Rxg5+ Kf3 81. Kg1 Rc1+ 82. Kh2 Ke2 83. Rg2+ Ke3 84. Rg8 f3 85. Re8+ Kf2 86. Ra8 Rc2 87. Kh3 Rb2 88. Rf8 Rb7 89. Kg4 Kg2 0-1

[Event "Montreal int."]
[Site "Montreal CAN"]
[Date "2000.08.14"]
[Round "11"]
[White "Lesiege, Alexandre"]
[Black "Schleifer, Michael"]
[Result "1-0"]
[WhiteElo "2584"]
[BlackElo "2364"]
[WhiteFideId "-1"]
[WhiteFideId "-1"]
[PlyCount "71"]
[GameId "2160767911652919"]
[EventDate "2000.08.03"]
[EventType "tourn"]
[EventRounds "11"]
[EventCountry "CAN"]
[EventCategory "9"]
[SourceTitle "CBM 079"]
[Source "ChessBase"]
[SourceDate "2000.11.21"]
[SourceVersion "1"]
[SourceVersionDate "2000.11.21"]
[SourceQuality "1"]

1. d4 Nf6 2. c4 e6 3. Nc3 Bb4 4. Nf3 h6 5. g3 d5 6. Bg2 O-O 7. O-O c6 8. Qc2 Nbd7 9. a3 Ba5 10. cxd5 exd5 11. b4 Bb6 12. a4 Re8 13. e3 Bc7 14. Ba3 Nb6 15. Nd2 h5 16. b5 h4 17. a5 Nbd7 18. a6 bxa6 19. bxc6 Nb6 20. Bc5 Re6 21. e4 dxe4 22. Ndxe4 hxg3 23. Nxf6+ Rxf6 24. fxg3 Rxf1+ 25. Rxf1 Qg5 26. d5 Be5 27. Qf2 Qh5 28. Bd4 Nc4 29. Bxe5 Nxe5 30. Qd4 Ng4 31. h3 Nf6 32. g4 Qg5 33. Ne4 Nxe4 34. Qxe4 Qd8 35. Qf4 f6 36. d6 1-0